Normal view MARC view

Entry Nombre corporativo

Number of records used in: 1

001 - NÚMERO DE CONTROL

  • campo de control: 11179

003 - IDENTIFICADOR DE NÚMERO DE CONTROL

  • campo de control: OSt

005 - FECHA Y HORA DE LA ÚLTIMA TRANSACCIÓN

  • campo de control: 20221005155444.0

008 - ELEMENTOS DE DATO DE LONGITUD-FIJA

  • campo de control de longitud fija: 221005|| aca||aabn | a|a d

040 ## - FUENTE DE CATALOGACIÓN

  • Centro catalogador/agencia de origen: OSt
  • Centro/agencia transcriptor: OSt

110 ## - ENCABEZAMIENTO-NOMBRE DE ENTIDAD CORPORATIVA

  • Nombre de entidad corporativa o nombre de jurisdicción como elemento de entrada: CONGRESO ESTATAL DE MUJERES ABOGADAS
  • Número del congreso/reunión o número de parte o sección: 8
  • Sede del congreso/Lugar de la reunión: Palma de Mallorca
  • Fecha del congreso o de la firma del tratado: 1994.
  • Unidad subordinada: Violencia contra las mujeres: ámbito doméstico, medios de comunicación y publicidad

670 ## - FUENTE DE DATOS ENCONTRADOS

  • Cita de la fuente: Work cat.: (OSt)11160: CONGRESO ESTATAL DE MUJERES ABOGADAS 8 Palma de Mallorca 1994. Violencia contra las mujeres: ámbito doméstico, medios de comunicación y publicidad, Conclusiones al VIII Congreso Estatal de Mujeres Abogadas :, 1994

Powered by Koha